| 000 | 01166nab a22002537a 4500 | ||
|---|---|---|---|
| 999 |
_c5324 _d5324 |
||
| 003 | OSt | ||
| 005 | 20250220113955.0 | ||
| 008 | 190605e xxu||||| |||| 00| 0 spa d | ||
| 040 | _cPJ | ||
| 100 |
_96168 _aSalgado, José Manuel |
||
| 245 | 1 | 3 |
_aEl art. 30 de la LCT con relación a los entes de derecho público / _cJosé Manuel Salgado. |
| 260 |
_aCiudad Autónoma de Buenos Aires : _bThomson Reuters La Ley, _c2025. |
||
| 300 | _ap. 46-52 | ||
| 500 | _aCita Online: AR/DOC/2624/2024. | ||
| 505 | _aSumario: I. Introducción.— II. Criterio de la Corte Suprema de Justicia de la Nación.— III. Doctrina de la Suprema Corte de Justicia de la Pcia. de Bs. As.— IV. Conclusión. | ||
| 505 | _t¿Te interesa el texto completo? Solicitalo al correo: koha@justierradelfuego.gov.ar | ||
| 650 | 0 |
_91316 _aDERECHO LABORAL |
|
| 650 | 0 |
_91323 _aCONTRATO DE TRABAJO |
|
| 650 | 0 |
_94948 _aEMPLEADOS PÚBLICOS |
|
| 650 | 0 |
_94951 _aRESPONSABILIDAD SOLIDARIA |
|
| 650 | 0 |
_91803 _aRELACIONES LABORALES |
|
| 773 | 0 |
_02711 _93168 _dCiudad Autónoma de Buenos Aires : Thomson Reuters La Ley, 1999-2002. _tRevista de derecho del trabajo. Nº 1 - Enero 2025 |
|
| 942 |
_2udc _cANA |
||